[Event "Vlissingen HZ op 26th"]
[Site "Vlissingen"]
[Date "2024.08.03"]
[Round "1"]
[White "Pennig, Felix"]
[Black "De Boer, Eelke"]
[Result "0-1"]
[WhiteElo "1889"]
[BlackElo "2384"]
[PlyCount "38"]
[EventDate "2024.08.03"]
[EventType "swiss"]
[EventRounds "9"]
[EventCountry "NED"]
[SourceTitle "CBM 221 Extra"]
[Source "ChessBase"]
[SourceDate "2024.09.30"]
[SourceVersion "1"]
[SourceVersionDate "2024.09.30"]
[SourceQuality "1"]

1. Nc3 d5 2. e4 Nf6 3. e5 d4 4. exf6 dxc3 5. fxg7 cxd2+ 6. Bxd2 Bxg7 7. c3 Nc6 8. Qf3 Be6 9. Bb5 Qd7 10. Bxc6 bxc6 11. Qg3 Rg8 12. Nf3 0-0-0 13. Qf4 Qd3 14. Qe3 Qa6 15. a4 Rd6 16. b4 Bc4 17. Qc5 Rgd8 18. Ra3 Re6+ 19. Be3 Qxa4 0-1

[Event "DSOL 06 Liga Gr-A 1st"]
[Site "Playchess.com INT"]
[Date "2020.07.28"]
[Round "6.1"]
[White "Pennig, Felix"]
[Black "Dangelmayer, Frank"]
[Result "1-0"]
[WhiteElo "1908"]
[BlackElo "1966"]
[PlyCount "47"]
[EventDate "2020.06.22"]
[EventType "team-tourn (rapid)"]
[EventCountry "GER"]
[SourceTitle "EXT 2021"]
[Source "ChessBase"]
[SourceDate "2020.10.23"]
[SourceVersion "1"]
[SourceVersionDate "2020.10.23"]
[SourceQuality "1"]
[WhiteTeam "Drewer SG"]
[BlackTeam "Friedrichshagen"]
[WhiteTeamCountry "GER"]
[BlackTeamCountry "GER"]

1. Nc3 Nf6 2. e4 e5 3. Bc4 Bb4 4. Nge2 Nc6 5. 0-0 0-0 6. d3 h6 7. h3 d6 8. Be3 Be6 9. Bb3 d5 10. exd5 Nxd5 11. Nxd5 Bxd5 12. f4 Bxb3 13. axb3 exf4 14. Nxf4 Re8 15. Qf3 Nd4 16. Qf2 Bc5 17. Nh5 Ne2+ 18. Kh1 Ng3+ 19. Qxg3 Bd4 20. Bxh6 g6 21. Qf4 Qd7 22. Nf6+ Bxf6 23. Qxf6 Qd4 24. Qxd4 1-0

[Event "Ruhrgebiet Verbandsklasse Gruppe 1 1718"]
[Site "Germany"]
[Date "2018.03.18"]
[Round "8.7"]
[White "Pennig, Felix"]
[Black "Ebert, Manfred"]
[Result "1-0"]
[WhiteElo "1704"]
[BlackElo "1900"]
[PlyCount "31"]
[EventDate "2017.09.17"]
[EventType "team-tourn"]
[EventRounds "9"]
[EventCountry "GER"]
[SourceTitle "EXT 2022"]
[Source "ChessBase"]
[SourceDate "2021.10.06"]
[SourceVersion "1"]
[SourceVersionDate "2021.10.06"]
[SourceQuality "1"]
[WhiteTeam "Drewer SG"]
[BlackTeam "Buer SF"]
[WhiteTeamCountry "GER"]
[BlackTeamCountry "GER"]

1. e4 d6 2. d4 g6 3. Nc3 Bg7 4. Be3 Nd7 5. f3 e5 6. Nge2 f5 7. Qd2 Ngf6 8. 0-0-0 f4 9. Bf2 g5 10. g3 c6 11. dxe5 dxe5 12. h4 h6 13. Bh3 Qe7 14. Bf5 Nb6 15. Bg6+ Kf8 16. Bc5 1-0